| 000 | 00892cam a22001934a 4500 | ||
|---|---|---|---|
| 005 | 20250605164036.0 | ||
| 008 | 250528s ||||||||||||||||||||||||d | ||
| 035 | _a16826 | ||
| 020 | _a6110449 | ||
| 040 |
_aGR-AtMCL _bgre _dGR-AtMCL _eAACR2 |
||
| 245 | 1 | _aRare Metals Handbook / Second Edition | |
| 260 |
_bRobert E. Krieger Publishing Company, _c1971 |
||
| 300 | _a722 | ||
| 520 | _aThe Rare Metals, The Alkaline Earth Metals, Beryllium, Bismuth, Boron, Cadmium, Chromium, Cobalt, Columbium, Gallium, Germanium, Hafnium, Indium, Manganese, Molybdenum, The Platinum Metals, Plutonium, Rare Earth Metals, Rhenium, Rubidium, Scandium, Selenium, Silicon, Tantalum, Tellurium, Thallium, Thorium, Titanium, Tungsten, Uranium, Vanadium, Yttrium, Zirconium, Physical Properties of Metals, Index. | ||
| 700 | 1 |
_aHampel Clifford A _92915 |
|
| 942 | _cBK | ||
| 999 |
_c2280 _d2280 |
||